000 00806nam a2200229 a 4500
001 000010451
005 20240412074218.0
008 091007t1983 dr a r 001 p spa d
040 _aDO-SdBNP
_bspa
_cBNPHU
082 _aRD861.44
_bG146c
100 1 _aGalán, Tomás Modesto,
_d1951-
_925456
245 1 0 _aCenizas del viento /
_cTomás Modesto ; prólogo Víctor Villegas.
260 _aSanto Domingo :
_bUASD,
_c1983.
300 _a106 p. :
_bil. ;
_c21 cm.
500 _aIncluye datos biográficos del autor en la contracubierta.
590 _aInventariado, 2018/BT
650 0 _aPoesía dominicana
_966
650 0 _aLiteratura dominicana.
_967
700 1 _aVillegas, Víctor,
_epról.
_97744
710 1 _aUniversidad Autónoma de Santo Domingo
_972951
910 _aValidado. Control de calidad. EMS
999 _c10210
_d10210